000 00358nam a2200157Ia 4500
100 _aD'SOUSA/D'SOCHARLES S.
650 _aPHILOPSOPHY
942 _cBK
654 _aHUMAN RELATIONS.
245 _aDYNAMICS OF HUMAN RELATIONS.
260 _bBETTER YOURSELF BOOK
_aBandra
_c1983
082 _a170/D'SO
300 _a199
546 _aENGLISH
999 _c19673
_d19673